| 000 | 00517 a2200181 4500 | ||
|---|---|---|---|
| 003 | OSt | ||
| 005 | 20260325135016.0 | ||
| 008 | 231130b |||||||| |||| 00| 0 eng d | ||
| 020 | _a817130737X | ||
| 040 | _coclc | ||
| 082 |
_a863.64 _bMAR/C |
||
| 100 |
_aMarquez, Gabriel Garcia _95316 |
||
| 245 |
_aCholerakalathe Pranayam / _cGabriel Garcia Marquez |
||
| 250 | _a17th ed. | ||
| 260 |
_aKottayam: _bD C Books, _c2022. |
||
| 300 | _a504p. | ||
| 942 |
_2ddc _cBK _h863.64 _iMAR/C _k863.64 _mMAR/C |
||
| 999 |
_c43899 _d43899 |
||